000 02431cam a2200301 4500500
005 20260208002629.0
041 _afre
042 _adc
100 1 0 _aBorghi, Rachele
_eauthor
700 1 0 _aSit Aboha, Laila
_eauthor
245 0 0 _aStand up or shut up : sur le choix des universitaires face à Gaza
260 _c2026.
500 _a7
520 _a« On nous a appris que le silence pouvait nous sauver, mais c’est faux ». C’est avec ces mots que Audre Lorde nous encourage à prendre la parole, à ne pas succomber à la peur quand nous allons à contre-courant. Cette invitation résonne aujourd’hui au sein de nos universités. Depuis le 7 octobre 2023, prendre la parole pour parler de Gaza et de la Palestine est devenu un enjeu en soi. Dans cet article nous allons chercher à réfléchir sur la difficulté à se mobiliser collectivement de la part des universitaires. À l’aide des observations de terrain et à travers une approche intersectionnelle et décoloniale, nous chercherons à comprendre la raison d’une désertion collective, d’un corps individuel qui n’est pas arrivé à se transformer en corps collectif en France et ailleurs.
520 _a‪“We were taught that silence would save us, but it’s a lie”. It is with these words that the poet Audre Lorde encourages us to speak out, not to succumb to fear when we go against the current. This invitation resonates today within our universities. Since October 7, 2023, speaking out about Gaza and Palestine has become a challenge in itself. In this article, we will seek to reflect on the difficulty for academics to mobilize collectively. Using field observations and through an intersectional and decolonial approach, we will try to understand the reason for a collective desertion, of an individual body that has not managed to transform into a collective body in France and elsewhere.‪
690 _acolonialité du savoir
690 _ainjustice épistémique
690 _arépression
690 _asilence
690 _auniversité
690 _acoloniality of knowledge
690 _aepistemic injustice
690 _arepression
690 _asilence
690 _auniversity
786 0 _nJournal des anthropologues | 182-183 | 2 | 2026-02-02 | p. 33-48 | 1156-0428
856 4 1 _uhttps://shs.cairn.info/revue-journal-des-anthropologues-2025-2-page-33?lang=fr&redirect-ssocas=7080
999 _c1646681
_d1646681